000 00492nam a2200181Ia 4500
008 090124s9999 xx 000 0 und d
082 _b116052
100 _aभागवत यशवंत
245 _a अग्निरेखा
250 _a1
260 _c1975
300 _a115
600 _aभागवत यशवंत
630 _a अग्निरेखा
700 _aभागवत यशवंत
730 _a अग्निरेखा
942 _cBOOK
999 _c162143
_d162143